Termodinámica
Salvato in:
| Autore principale: | |
|---|---|
| Natura: | Libro |
| Lingua: | spagnolo |
| Pubblicazione: |
Ciudad de México
Oxford University
2001
|
| Soggetti: | |
| Tags: |
Aggiungi Tag
Nessun Tag, puoi essere il primo ad aggiungerne!!
|
MARC
| LEADER | 00000nam a2200000 a 4500 | ||
|---|---|---|---|
| 001 | UCM0769 | ||
| 003 | CL-VaPUC | ||
| 008 | 020308e20010000MX |||||||||||||||||spa|d | ||
| 082 | 0 | 4 | |a 536.7 |b MAN |2 21 |
| 100 | |a Manrique Valadez, José Ángel |e autor |9 469272 | ||
| 245 | 1 | 0 | |a Termodinámica |
| 300 | |a 546 p | ||
| 942 | |c BK | ||
| 945 | |d 20020308 00:00:00 |a cmena | ||
| 260 | |a Ciudad de México |b Oxford University |c 2001 | ||
| 650 | 0 | |a Transferencia de calor |9 336631 | |
| 650 | 0 | |a Entropía |9 262675 | |
| 650 | 0 | |a Combustión |9 339668 | |
| 650 | 0 | |a Mecánica de fluidos |9 259464 | |
| 583 | |a last modification |c 20020308 00:00:00 |k Rodrigo Vera | ||
| 999 | |c 299600 |d 299598 | ||
| 952 | |0 0 |1 0 |4 0 |6 536_700000000000000_MAN_2001 |7 0 |8 A |9 356324 |a BIBMEC |b BIBMEC |d 2019-11-21 |i 3795926 |o 536.7 MAN 2001 |p 3795926 |r 2024-01-19 |w 2019-11-21 |y BK |k MEC | ||